| 000 | 00698nam a22002417a 4500 | ||
|---|---|---|---|
| 999 |
_c4192 _d4192 |
||
| 003 | AR-CdUCM | ||
| 008 | 190308b ||||| |||| 00| 0 spa d | ||
| 040 |
_aMUNICIPALIDAD PROVINCIAL DEL CUSCO _cBIBLIOTECA MUNICIPAL DEL CUSCO |
||
| 041 | _heng | ||
| 082 |
_a741 / _bB61 |
||
| 100 |
_aBlack, Earl D. _913283 |
||
| 245 | _aDibujo Técnico / | ||
| 260 |
_aArgentina : _bEdiciones Marymar ; _c1976. |
||
| 300 |
_a422 páginas ; _bGráficos _c27cm |
||
| 505 | _aContenido: Técnicas de dibujo | ||
| 650 |
_aDibujo _913086 |
||
| 650 |
_aTécnicas _9975 |
||
| 650 |
_aIngeniería _910043 |
||
| 700 |
_aDemaria, Juan Carlos _913284 |
||
| 710 |
_aAID _913285 |
||
| 942 |
_2ddc _cLIBROS |
||
| 945 | _anom | ||